<?xml version="1.0" encoding="UTF-8"?>
<collection xmlns="http://www.loc.gov/MARC21/slim">
 <record>
  <leader>01498nam a22002297a 4500</leader>
  <controlfield tag="001">NCT_33690</controlfield>
  <controlfield tag="008">180427b        xxu||||| |||| 00| 0 vie d</controlfield>
  <datafield tag="999" ind1=" " ind2=" ">
   <subfield code="c">1624</subfield>
   <subfield code="d">1624</subfield>
  </datafield>
  <datafield tag="020" ind1=" " ind2=" ">
   <subfield code="a">9786049532054</subfield>
   <subfield code="c">170000</subfield>
  </datafield>
  <datafield tag="082" ind1="0" ind2="4">
   <subfield code="2">23rd ed.</subfield>
   <subfield code="a">616.4</subfield>
   <subfield code="b">C845</subfield>
  </datafield>
  <datafield tag="100" ind1="1" ind2=" ">
   <subfield code="a">Chowdhury, Biswaroop Roy</subfield>
  </datafield>
  <datafield tag="245" ind1="1" ind2="0">
   <subfield code="a">Cuộc chiến vì sức khỏe hành động và thành công</subfield>
   <subfield code="c">Biswaroop Roy Chowdhury, Nguyễn Hoàng Nam</subfield>
  </datafield>
  <datafield tag="260" ind1=" " ind2=" ">
   <subfield code="a">H.</subfield>
   <subfield code="b">Thông tấn</subfield>
   <subfield code="c">2017</subfield>
  </datafield>
  <datafield tag="300" ind1=" " ind2=" ">
   <subfield code="a">241 tr.</subfield>
   <subfield code="b">Minh họa</subfield>
   <subfield code="c">21cm</subfield>
  </datafield>
  <datafield tag="520" ind1="3" ind2=" ">
   <subfield code="a">Cuốn sách giới thiệu bí quyết sống trường thọ, không bị bệnh tật quấy nhiễu và những phương pháp chăm sóc sức khỏe không cần thuốc. Đặc biệt là sách hướng dẫn cách điều trị bệnh thông qua ăn uống rau, củ, quả, luyện tập thể thao</subfield>
  </datafield>
  <datafield tag="653" ind1=" " ind2=" ">
   <subfield code="a">Y đa khoa</subfield>
  </datafield>
  <datafield tag="700" ind1="1" ind2=" ">
   <subfield code="a">Nguyễn Hoàng Nam</subfield>
  </datafield>
  <datafield tag="942" ind1=" " ind2=" ">
   <subfield code="2">ddc</subfield>
   <subfield code="c">BK</subfield>
  </datafield>
  <datafield tag="952" ind1=" " ind2=" ">
   <subfield code="0">0</subfield>
   <subfield code="1">0</subfield>
   <subfield code="2">ddc</subfield>
   <subfield code="4">0</subfield>
   <subfield code="6">616_400000000000000_C845</subfield>
   <subfield code="7">0</subfield>
   <subfield code="9">7756</subfield>
   <subfield code="a">000001</subfield>
   <subfield code="b">000001</subfield>
   <subfield code="d">2018-04-27</subfield>
   <subfield code="l">1</subfield>
   <subfield code="o">616.4 C845</subfield>
   <subfield code="p">MD.10547</subfield>
   <subfield code="r">2019-12-11</subfield>
   <subfield code="s">2019-12-02</subfield>
   <subfield code="v">170000.00</subfield>
   <subfield code="w">2018-04-27</subfield>
   <subfield code="y">BK</subfield>
  </datafield>
  <datafield tag="952" ind1=" " ind2=" ">
   <subfield code="0">0</subfield>
   <subfield code="1">0</subfield>
   <subfield code="2">ddc</subfield>
   <subfield code="4">0</subfield>
   <subfield code="6">616_400000000000000_C845</subfield>
   <subfield code="7">0</subfield>
   <subfield code="9">7757</subfield>
   <subfield code="a">000001</subfield>
   <subfield code="b">000001</subfield>
   <subfield code="d">2018-04-27</subfield>
   <subfield code="o">616.4 C845</subfield>
   <subfield code="p">MD.11751</subfield>
   <subfield code="r">2018-06-07</subfield>
   <subfield code="v">170000.00</subfield>
   <subfield code="w">2018-04-27</subfield>
   <subfield code="y">BK</subfield>
  </datafield>
  <datafield tag="952" ind1=" " ind2=" ">
   <subfield code="0">0</subfield>
   <subfield code="1">0</subfield>
   <subfield code="2">ddc</subfield>
   <subfield code="4">0</subfield>
   <subfield code="6">616_400000000000000_C845</subfield>
   <subfield code="7">0</subfield>
   <subfield code="9">7758</subfield>
   <subfield code="a">000001</subfield>
   <subfield code="b">000001</subfield>
   <subfield code="d">2018-04-27</subfield>
   <subfield code="o">616.4 C845</subfield>
   <subfield code="p">MD.11752</subfield>
   <subfield code="r">2018-06-07</subfield>
   <subfield code="v">170000.00</subfield>
   <subfield code="w">2018-04-27</subfield>
   <subfield code="y">BK</subfield>
  </datafield>
  <datafield tag="980" ind1=" " ind2=" ">
   <subfield code="a">Thư viện Trường Đại học Nam Cần Thơ</subfield>
  </datafield>
 </record>
</collection>
